[Event "GRE-ch South U16"]
[Site "Athens"]
[Date "2020.09.03"]
[Round "9"]
[White "Koutsourakis, Ioannis"]
[Black "Stamatiou, Rodolfos"]
[Result "0-1"]
[WhiteElo "1756"]
[BlackElo "2079"]
[PlyCount "96"]
[EventDate "2020.08.28"]
[EventType "swiss"]
[EventRounds "9"]
[EventCountry "GRE"]
[SourceTitle "EXT 2023"]
[Source "ChessBase"]
[SourceDate "2022.10.05"]
[SourceVersion "1"]
[SourceVersionDate "2022.10.05"]
[SourceQuality "1"]

1. c4 e5 2. Nc3 Nc6 3. Nf3 f5 4. g3 Nf6 5. d4 e4 6. Nh4 g6 7. Bg5 Bg7 8. e3 0-0 9. Ng2 Ne7 10. Nf4 h6 11. Bxf6 Bxf6 12. h4 d6 13. Be2 c5 14. Nfd5 Nxd5 15. Nxd5 cxd4 16. exd4 Be6 17. Nxf6+ Qxf6 18. Qd2 Kg7 19. d5 Bd7 20. 0-0-0 Rac8 21. Kb1 Rc7 22. Rc1 Rfc8 23. Qe3 Qe5 24. f3 exf3 25. Qxf3 Qe4+ 26. Qxe4 fxe4 27. Rhf1 h5 28. Rf4 b5 29. b3 bxc4 30. Rxc4 Rxc4 31. Bxc4 Bf5 32. Kc1 Kf6 33. Kd2 Ke5 34. Ke3 Rg8 35. Rf1 g5 36. hxg5 Rxg5 37. Kf2 Bh3 38. Rg1 Rf5+ 39. Ke1 Kd4 40. Rh1 Bg4 41. Rh2 e3 42. a3 Rg5 43. Rh4 Ke5 44. a4 a5 45. Rh2 Bf3 46. Be2 Bxd5 47. Rh3 h4 48. Rxh4 Rh5 0-1

[Event "GRE-ch U18 23rd"]
[Site "Rethymno"]
[Date "2020.01.03"]
[Round "3"]
[White "Papidakis, Georgios"]
[Black "Koutsourakis, Ioannis"]
[Result "1-0"]
[WhiteElo "1899"]
[BlackElo "1767"]
[PlyCount "117"]
[EventDate "2020.01.02"]
[EventType "swiss"]
[EventRounds "9"]
[EventCountry "GRE"]
[SourceTitle "EXT 2021"]
[Source "ChessBase"]
[SourceDate "2020.10.23"]
[SourceVersion "1"]
[SourceVersionDate "2020.10.23"]
[SourceQuality "1"]

1. d4 d5 2. c4 e6 3. Nc3 Nf6 4. Bg5 Be7 5. e3 b6 6. Bxf6 Bxf6 7. cxd5 exd5 8. Rc1 0-0 9. Nf3 Be6 10. b4 c6 11. Bd3 Qd6 12. Qb3 a6 13. 0-0 Nd7 14. Ne2 Rfc8 15. Rc2 a5 16. bxa5 Rxa5 17. Qb1 c5 18. Bxh7+ Kh8 19. Bd3 Rca8 20. Ng3 c4 21. Be2 b5 22. Rd1 Qc6 23. Rcd2 Be7 24. h4 b4 25. Nf5 Bf8 26. Ng5 g6 27. Ng3 Be7 28. Nxe6 Qxe6 29. e4 c3 30. exd5 Qxd5 31. Bf3 Qc4 32. Re2 R8a7 33. Qe4 Nf6 34. Qf4 Rxa2 35. Rxe7 Rxe7 36. Qxf6+ Kg8 37. Qxe7 c2 38. Qe8+ Kg7 39. Qe5+ Kg8 40. Qe8+ Kg7 41. Qe5+ Kg8 42. Re1 c1Q 43. Rxc1 Qxc1+ 44. Kh2 Qh6 45. h5 Qg7 46. Qc5 b3 47. Qb4 b2 48. Qb3 b1Q 49. Qxb1 Rxf2 50. Ne2 gxh5 51. Qg1 Rxe2 52. Bxe2 Qg5 53. Qf2 Kf8 54. Qg3 Qh6 55. Qb8+ Kg7 56. Qe5+ Kf8 57. Bxh5 f6 58. Qf5 Kg7 59. d5 1-0

[Event "Heraklion op 27th"]
[Site "Heraklion"]
[Date "2019.09.04"]
[Round "3"]
[White "Koutsourakis, Ioannis"]
[Black "Hulshof, Peter"]
[Result "0-1"]
[WhiteElo "1739"]
[BlackElo "2180"]
[PlyCount "68"]
[EventDate "2019.09.03"]
[EventType "swiss"]
[EventRounds "9"]
[EventCountry "GRE"]
[SourceTitle "EXT 2020"]
[Source "ChessBase"]
[SourceDate "2019.10.17"]
[SourceVersion "1"]
[SourceVersionDate "2019.10.17"]
[SourceQuality "1"]

1. d4 g6 2. c4 Bg7 3. e4 d6 4. Nf3 e5 5. Be3 Nc6 6. Nc3 Bg4 7. d5 Nd4 8. Be2 Bxf3 9. Bxf3 c5 10. Bxd4 exd4 11. Qa4+ Ke7 12. Ne2 Nf6 13. 0-0 Qd7 14. Qa3 Rhe8 15. b4 b6 16. bxc5 bxc5 17. Ng3 Kf8 18. Bd1 Qc7 19. Ba4 Qa5 20. Qb3 Reb8 21. Qd1 Rb4 22. Bb3 Qa3 23. f4 Re8 24. Re1 Nd7 25. Nf1 a5 26. Qd3 a4 27. Reb1 Ra8 28. Bc2 Qc3 29. Nd2 Rab8 30. a3 Rb2 31. Qxc3 dxc3 32. Bxa4 cxd2 33. Rxb2 Bxb2 34. Rb1 Bd4+ 0-1

[Event "Heraklion op 27th"]
[Site "Heraklion"]
[Date "2019.09.03"]
[Round "1"]
[White "Koutsourakis, Ioannis"]
[Black "Nyktaris, Minas"]
[Result "1-0"]
[WhiteElo "1739"]
[BlackElo "1074"]
[PlyCount "107"]
[EventDate "2019.09.03"]
[EventType "swiss"]
[EventRounds "9"]
[EventCountry "GRE"]
[SourceTitle "EXT 2020"]
[Source "ChessBase"]
[SourceDate "2019.10.17"]
[SourceVersion "1"]
[SourceVersionDate "2019.10.17"]
[SourceQuality "1"]

1. d4 Nf6 2. c4 g6 3. Nc3 Bg7 4. e4 d6 5. Nf3 0-0 6. Be2 e5 7. 0-0 c6 8. Be3 Bd7 9. Qc2 Re8 10. b4 Qe7 11. dxe5 dxe5 12. a3 Ng4 13. Bc5 Qe6 14. h3 Nh6 15. Rfd1 f5 16. exf5 Qxf5 17. Bd3 Qf6 18. Ne4 Qd8 19. Nd6 Re6 20. Nxb7 Qc7 21. Na5 e4 22. Bxe4 Bxa1 23. Rxa1 Qf4 24. Bd3 Na6 25. Nb3 Be8 26. Be3 Qf8 27. Nbd4 Rf6 28. b5 cxb5 29. cxb5 Nc5 30. Bxh6 Qxh6 31. Qxc5 Qf4 32. Qd5+ Kg7 33. Qxa8 Bd7 34. Qxa7 Rf7 35. Ne2 Qd6 36. Qd4+ Qxd4 37. Nexd4 Kf6 38. b6 Rf8 39. b7 Rb8 40. Ba6 Ke7 41. Ne5 Kd6 42. Nxd7 Kxd7 43. Rc1 Rxb7 44. Bxb7 Kd6 45. a4 h5 46. a5 g5 47. a6 Ke5 48. a7 Kxd4 49. a8Q g4 50. Qd8+ Ke5 51. Re1+ Kf5 52. Qf8+ Kg6 53. Re6+ Kh7 54. Rh6# 1-0

[Event "Agios Nikolaos op 3rd"]
[Site "Agios Ioannis"]
[Date "2019.09.02"]
[Round "9"]
[White "Koutsourakis, Ioannis"]
[Black "Mitsis, Georgios"]
[Result "1/2-1/2"]
[WhiteElo "1810"]
[BlackElo "2392"]
[PlyCount "148"]
[EventDate "2019.08.26"]
[EventType "swiss"]
[EventRounds "9"]
[EventCountry "GRE"]
[SourceTitle "EXT 2020"]
[Source "ChessBase"]
[SourceDate "2019.10.17"]
[SourceVersion "1"]
[SourceVersionDate "2019.10.17"]
[SourceQuality "1"]

1. d4 d6 2. e4 Nf6 3. Nc3 c6 4. Nf3 Bg4 5. Be2 e6 6. 0-0 Be7 7. Be3 0-0 8. Nd2 Bxe2 9. Qxe2 d5 10. f4 c5 11. e5 Nfd7 12. Nf3 Nc6 13. Rad1 a6 14. Qf2 Rc8 15. Ne2 Qb6 16. dxc5 Bxc5 17. Bxc5 Qxc5 18. Ned4 Nxd4 19. Nxd4 Rfe8 20. Rfe1 Qc7 21. Re3 Nf8 22. f5 exf5 23. Qxf5 Ne6 24. Rc3 Qb6 25. Rxc8 Rxc8 26. Kh1 Rc7 27. Nb3 g6 28. Qd3 Qf2 29. Na1 Nf4 30. Qf1 Qxf1+ 31. Rxf1 Ne6 32. h3 Kf8 33. Rf2 Rc4 34. Re2 Nf4 35. Rf2 Ne6 36. Re2 b6 37. Nb3 d4 38. Kh2 a5 39. Kg3 Ke7 40. Nc1 Nf4 41. Rd2 Nd5 42. Ne2 Ne3 43. Kf3 Nxc2 44. b3 Rc5 45. Ke4 d3 46. Rxd3 Nb4 47. Rc3 Rxc3 48. Nxc3 Ke6 49. a3 Na6 50. Kd4 Nc5 51. b4 axb4 52. axb4 Nd7 53. Nd5 Kf5 54. g4+ Kg5 55. Nc3 Kf4 56. Ne2+ Kf3 57. Nc3 Kg3 58. Ke4 Kxh3 59. Kf4 Kh4 60. Ne4 Nf8 61. Nd6 Ne6+ 62. Kf3 h5 63. gxh5 gxh5 64. Nc4 Kg5 65. Nxb6 Kf5 66. Nc4 Nd4+ 67. Kg3 Nc6 68. Kh4 Nxe5 69. Nxe5 Kxe5 70. Kxh5 f5 71. b5 f4 72. b6 Kd6 73. Kg4 Kc6 74. Kxf4 Kxb6 1/2-1/2

[Event "Agios Nikolaos op 3rd"]
[Site "Agios Ioannis"]
[Date "2019.08.27"]
[Round "3"]
[White "Toutoudakis, Angelos"]
[Black "Koutsourakis, Ioannis"]
[Result "0-1"]
[WhiteElo "1329"]
[BlackElo "1810"]
[PlyCount "114"]
[EventDate "2019.08.26"]
[EventType "swiss"]
[EventRounds "9"]
[EventCountry "GRE"]
[SourceTitle "EXT 2020"]
[Source "ChessBase"]
[SourceDate "2019.10.17"]
[SourceVersion "1"]
[SourceVersionDate "2019.10.17"]
[SourceQuality "1"]

1. e4 e5 2. Nf3 Nc6 3. Bc4 Bc5 4. d3 Nf6 5. Nc3 h6 6. Be3 Bb6 7. d4 Ng4 8. h3 exd4 9. Nxd4 Nxe3 10. fxe3 Qh4+ 11. Ke2 d6 12. Nf3 Qg3 13. Qf1 Be6 14. Bb3 0-0-0 15. Qf2 Qg6 16. Nh4 Qg5 17. Nf5 Bxb3 18. axb3 Rhe8 19. h4 Qf6 20. Qg3 g6 21. Nxh6 Qg7 22. Ng4 f5 23. Nf2 fxe4 24. h5 g5 25. Na4 Kb8 26. Nxb6 cxb6 27. c3 Ka8 28. Qg4 d5 29. Rad1 Ne5 30. Qh3 Rh8 31. Ra1 Rdf8 32. Qe6 Qf6 33. Qxf6 Rxf6 34. Rac1 b5 35. Ra1 Rd6 36. g4 Nf3 37. Rhd1 Rhd8 38. Ra5 a6 39. Rda1 Kb8 40. Rd1 Ne5 41. Rc1 Rf8 42. Rd1 Rdf6 43. Nh3 Rf3 44. Rxd5 Nxg4 45. Rxg5 Rxe3+ 46. Kd2 Rd8+ 47. Kc2 Rxh3 48. Rxg4 Rh2+ 49. Kb1 e3 50. Re4 Rd1+ 51. Ka2 e2 52. Rxe2 Rxe2 53. c4 b4 54. Rg5 Ree1 55. Rg8+ Ka7 56. Ra8+ Kxa8 57. h6 Ra1# 0-1

[Event "GRE-ch U16"]
[Site "Patras"]
[Date "2019.06.27"]
[Round "4.4"]
[White "Koutsourakis, Ioannis"]
[Black "Tsarsitalidis, Konstantinos"]
[Result "0-1"]
[WhiteElo "1889"]
[BlackElo "2001"]
[PlyCount "58"]
[EventDate "2019.06.25"]
[EventType "swiss"]
[EventRounds "9"]
[EventCountry "GRE"]
[SourceTitle "EXT 2020"]
[Source "ChessBase"]
[SourceDate "2019.10.17"]
[SourceVersion "1"]
[SourceVersionDate "2019.10.17"]
[SourceQuality "1"]
[WhiteTeam "Greece"]
[BlackTeam "Greece"]
[WhiteTeamCountry "GRE"]
[BlackTeamCountry "GRE"]

1. Nf3 Nf6 2. b3 d5 3. Bb2 g6 4. g3 Bg7 5. Bg2 0-0 6. c4 c6 7. 0-0 Nbd7 8. d3 Re8 9. d4 Ne4 10. Nfd2 f5 11. f3 Nxd2 12. Qxd2 Nf6 13. cxd5 cxd5 14. Nc3 b6 15. e4 Ba6 16. Rfe1 dxe4 17. fxe4 Ng4 18. d5 Bh6 19. Qd4 e5 20. Qa4 Qc8 21. Bf3 Qc5+ 22. Kh1 Nf2+ 23. Kg2 Nd3 24. Rf1 Nxb2 25. Qxa6 Qxc3 26. exf5 gxf5 27. Be2 Rf8 28. Rf3 Nd3 29. Rd1 Ne1+ 0-1

[Event "GRE-ch U18"]
[Site "Rethymno"]
[Date "2019.01.04"]
[Round "4"]
[White "Koutsourakis, Ioannis"]
[Black "Sarafis, Rafail"]
[Result "1/2-1/2"]
[WhiteElo "1611"]
[BlackElo "1069"]
[PlyCount "105"]
[EventDate "2019.01.02"]
[EventType "swiss"]
[EventRounds "9"]
[EventCountry "GRE"]
[SourceTitle "CBM 188 Extra"]
[Source "ChessBase"]
[SourceDate "2019.02.26"]
[SourceVersion "1"]
[SourceVersionDate "2019.02.26"]
[SourceQuality "1"]

1. d4 d5 2. c4 c6 3. Nf3 Nf6 4. Nbd2 e6 5. g3 Be7 6. Bg2 Nbd7 7. Qc2 c5 8. 0-0 b6 9. b3 Bb7 10. Bb2 dxc4 11. Nxc4 Rc8 12. dxc5 Bxc5 13. Qd3 0-0 14. e3 Re8 15. Rac1 Qe7 16. Rfd1 Red8 17. Qe2 Nf8 18. Rxd8 Rxd8 19. Rd1 Rxd1+ 20. Qxd1 Qd7 21. Qe2 Qe7 22. Nfe5 Bxg2 23. Kxg2 Ng6 24. Qf3 Nd5 25. Nd3 h6 26. Nxc5 Qxc5 27. Ba3 Qc7 28. Bb2 b5 29. Na3 a6 30. Qe4 Qc6 31. Kg1 Nde7 32. Qxc6 Nxc6 33. Nc2 Kf8 34. Kf1 f6 35. Ke2 Ke7 36. Ba3+ Kd7 37. Nb4 Nxb4 38. Bxb4 e5 39. h4 h5 40. Kd3 Ke6 41. e4 Kd7 42. Bd2 Kd6 43. Kc3 Nf8 44. Kb4 Kc6 45. Ka5 Kb7 46. a4 bxa4 47. Kxa4 Ne6 48. Kb4 Kb6 49. Be3+ Kb7 50. Kc4 Kc6 51. Kb4 Kb7 52. Kc4 Kc6 53. Kb4 1/2-1/2

[Event "Heraklion op 24th"]
[Site "Heraklion"]
[Date "2018.09.08"]
[Round "7"]
[White "Ergazaki, Eirini"]
[Black "Koutsourakis, Ioannis"]
[Result "0-1"]
[WhiteElo "1450"]
[BlackElo "1657"]
[PlyCount "128"]
[EventDate "2018.09.03"]
[EventType "swiss"]
[EventRounds "9"]
[EventCountry "GRE"]
[SourceTitle "CBM 186 Extra"]
[Source "ChessBase"]
[SourceDate "2018.08.24"]
[SourceVersion "1"]
[SourceVersionDate "2018.08.24"]
[SourceQuality "1"]

1. e4 e5 2. Nf3 Nc6 3. Nc3 Nf6 4. Bb5 Bb4 5. 0-0 0-0 6. d3 d6 7. Ne2 Ne7 8. c3 Ba5 9. Ng3 Ng6 10. d4 c6 11. Ba4 Bc7 12. Re1 Re8 13. h3 h6 14. Bc2 Be6 15. Be3 Qb8 16. dxe5 dxe5 17. Bb3 Nf4 18. Nh4 Bb6 19. Bc2 Bxe3 20. Rxe3 Rd8 21. Qe1 Qc7 22. Ne2 N6h5 23. Nf5 Rd7 24. Neg3 Rad8 25. Nxh5 Nxh5 26. g3 Kh7 27. Kh2 Qb6 28. b3 Nf6 29. Re2 Qa5 30. Nh4 g6 31. Nf3 Qc7 32. c4 b6 33. Qc3 Re7 34. c5 Bc8 35. Rd1 Rxd1 36. Bxd1 Qd7 37. Bc2 Qxh3+ 38. Kg1 Bg4 39. cxb6 axb6 40. Rd2 Bxf3 41. Qxf3 Qe6 42. b4 Kg7 43. Bb3 Qc8 44. Rd6 Ne8 45. Rd1 Rd7 46. Qc3 Rxd1+ 47. Bxd1 Qc7 48. Qd3 Qd6 49. Qb1 c5 50. a3 cxb4 51. axb4 Nc7 52. Be2 Ne6 53. Kg2 Nd4 54. Bd3 Qf6 55. Qd1 Qd6 56. Qb1 Nc6 57. b5 Nd4 58. Bc4 Qf6 59. Qd3 Qg5 60. Qd1 h5 61. Qh1 Qg4 62. Qh4 Qf3+ 63. Kg1 Qc3 64. Bd5 Nf3+ 0-1

[Event "Heraklion op 24th"]
[Site "Heraklion"]
[Date "2018.09.04"]
[Round "2"]
[White "Koutsourakis, Ioannis"]
[Black "Lewis, Andrew P"]
[Result "0-1"]
[WhiteElo "1657"]
[BlackElo "2325"]
[PlyCount "84"]
[EventDate "2018.09.03"]
[EventType "swiss"]
[EventRounds "9"]
[EventCountry "GRE"]
[SourceTitle "CBM 186 Extra"]
[Source "ChessBase"]
[SourceDate "2018.08.24"]
[SourceVersion "1"]
[SourceVersionDate "2018.08.24"]
[SourceQuality "1"]

1. d4 Nf6 2. c4 g6 3. Nc3 Bg7 4. e4 d6 5. Nf3 0-0 6. Be2 e5 7. 0-0 Nbd7 8. dxe5 dxe5 9. Be3 c6 10. h3 Qe7 11. Qc2 Nh5 12. Qc1 Nc5 13. Ne1 Nf4 14. Bxc5 Qxc5 15. Nd3 Nxd3 16. Bxd3 Be6 17. Ne2 a5 18. Qc2 a4 19. Rab1 Rfd8 20. Rfd1 Bf8 21. b4 axb3 22. axb3 Qa5 23. Rb2 Bb4 24. Rbb1 Rd7 25. Ra1 Qxa1 26. Rxa1 Rxa1+ 27. Kh2 Ra8 28. Kg1 Rad8 29. Nc1 Ba3 30. Bf1 Rd2 31. Qc3 Bb2 32. Qb4 Bxc1 33. Qxb7 c5 34. Qc7 Bb2 35. Qxc5 Bd4 36. Qa5 Bxf2+ 37. Kh2 h5 38. Qxe5 h4 39. Qf6 Bg3+ 40. Kg1 Rd1 41. Qc3 Rb1 42. Qf3 Rdd1 0-1

[Event "GRE-ch U14"]
[Site "Rio Achaia"]
[Date "2018.07.08"]
[Round "8"]
[White "Gavriil, Odysseas Panagiotis"]
[Black "Koutsourakis, Ioannis"]
[Result "0-1"]
[WhiteElo "1910"]
[BlackElo "1597"]
[PlyCount "96"]
[EventDate "2018.07.03"]
[EventType "swiss"]
[EventRounds "9"]
[EventCountry "GRE"]
[SourceTitle "EXT 2019"]
[Source "ChessBase"]
[SourceDate "2018.10.10"]
[SourceVersion "1"]
[SourceVersionDate "2018.10.10"]
[SourceQuality "1"]

1. e4 e5 2. Nf3 Nc6 3. Bc4 Bc5 4. c3 Nf6 5. d3 Bb6 6. Nbd2 d6 7. h3 Ne7 8. Nf1 Ng6 9. Ng3 c6 10. Qe2 0-0 11. Bb3 Re8 12. Bd2 Bc7 13. 0-0-0 a5 14. Ng5 d5 15. Nf5 a4 16. Bc2 Nf4 17. Qf1 h6 18. Nf3 Bxf5 19. exf5 e4 20. dxe4 dxe4 21. Nd4 Nd3+ 22. Kb1 c5 23. Nb5 c4 24. g4 Nh7 25. h4 Ra5 26. Na3 Qd5 27. Be3 Bd6 28. Nxc4 Qxc4 29. Bxd3 exd3 30. Rxd3 Bf4 31. Qd1 Bxe3 32. fxe3 Qe4 33. Kc1 a3 34. b3 Qg2 35. Rd2 Qc6 36. Rd3 Nf6 37. c4 b5 38. Rh2 bxc4 39. Rc2 Rc5 40. Rdc3 Qe4 41. bxc4 Nxg4 42. Qd6 Qh1+ 43. Kd2 Rxf5 44. Rxa3 Rf2+ 45. Kc3 Qa1+ 46. Kb4 Rxc2 47. Qd7 Rb8+ 48. Ka5 Rxa2 0-1

[Event "Heraklion op 22nd"]
[Site "Heraklion"]
[Date "2018.01.06"]
[Round "7"]
[White "Lirindzakis, Timotheos"]
[Black "Koutsourakis, Ioannis"]
[Result "1-0"]
[WhiteElo "2148"]
[BlackElo "1679"]
[PlyCount "75"]
[EventDate "2018.01.02"]
[EventType "swiss"]
[EventRounds "9"]
[EventCountry "GRE"]
[SourceTitle "EXT 2019"]
[Source "ChessBase"]
[SourceDate "2018.10.10"]
[SourceVersion "1"]
[SourceVersionDate "2018.10.10"]
[SourceQuality "1"]

1. d4 d5 2. c4 c6 3. Nf3 Nf6 4. e3 Bf5 5. Nc3 e6 6. Nh4 Bg4 7. Qb3 Qc7 8. h3 Bh5 9. g4 Bg6 10. Nxg6 hxg6 11. Bg2 Be7 12. Bd2 a5 13. Rc1 dxc4 14. Qxc4 Nbd7 15. Qe2 Nb6 16. 0-0 0-0 17. g5 Ne8 18. f4 Nd6 19. Rfd1 Rfd8 20. Be1 Kf8 21. Bf2 Qd7 22. e4 Qc7 23. h4 f6 24. Bh3 Kf7 25. d5 exd5 26. exd5 Rh8 27. Qe6+ Kf8 28. dxc6 bxc6 29. Re1 Re8 30. Rcd1 Nbc8 31. Qd7 Qb8 32. Qxc6 Qxb2 33. Qf3 Qb4 34. Nd5 Qb7 35. Rb1 Qc6 36. Rec1 Qa4 37. Nc7 Rd8 38. Ne6+ 1-0

[Event "Heraklion op 21st"]
[Site "Heraklion"]
[Date "2017.09.06"]
[Round "5"]
[White "Koutsourakis, Ioannis"]
[Black "Brokalakis Gounaris, Christos"]
[Result "0-1"]
[WhiteElo "1691"]
[BlackElo "1791"]
[PlyCount "66"]
[EventDate "2017.09.03"]
[EventType "swiss"]
[EventRounds "9"]
[EventCountry "GRE"]
[SourceTitle "CBM 180 Extra"]
[Source "ChessBase"]
[SourceDate "2017.10.06"]
[SourceVersion "1"]
[SourceVersionDate "2017.10.06"]
[SourceQuality "1"]

1. d4 Nf6 2. c4 e6 3. Nc3 Bb4 4. e3 0-0 5. Nge2 Re8 6. a3 Bf8 7. g3 d5 8. cxd5 exd5 9. Bg2 Bf5 10. 0-0 c6 11. Bd2 Nbd7 12. Nf4 Bd6 13. Nfe2 Nf8 14. Rc1 Qd7 15. Re1 Ne6 16. h4 h6 17. Na4 b6 18. b4 Rac8 19. Bc3 Ne4 20. Nb2 Qe7 21. Nd3 Qf6 22. Bb2 Qe7 23. Nc3 Bg6 24. Qe2 Qb7 25. Red1 Ra8 26. Ra1 Nxd4 27. exd4 Nxc3 28. Qc2 Nxd1 29. Rxd1 Re7 30. Bc1 Rae8 31. Bf3 Re1+ 32. Rxe1 Rxe1+ 33. Kg2 Bxd3 0-1

[Event "Heraklion op 21st"]
[Site "Heraklion"]
[Date "2017.09.03"]
[Round "1"]
[White "Levin, Evgeny A"]
[Black "Koutsourakis, Ioannis"]
[Result "1-0"]
[WhiteElo "2532"]
[BlackElo "1691"]
[PlyCount "69"]
[EventDate "2017.09.03"]
[EventType "swiss"]
[EventRounds "9"]
[EventCountry "GRE"]
[SourceTitle "CBM 180 Extra"]
[Source "ChessBase"]
[SourceDate "2017.10.06"]
[SourceVersion "1"]
[SourceVersionDate "2017.10.06"]
[SourceQuality "1"]

1. Nf3 d5 2. d4 Nf6 3. c4 c6 4. e3 e6 5. Bd3 dxc4 6. Bxc4 b5 7. Bd3 Bb7 8. 0-0 Be7 9. Nc3 0-0 10. e4 a6 11. e5 Nd5 12. Ne4 h6 13. Bd2 Nd7 14. Rc1 Rc8 15. Nc5 Bxc5 16. dxc5 f6 17. exf6 Qxf6 18. Qe2 Rce8 19. Qe4 Qf5 20. Rfe1 Qxe4 21. Bxe4 Nf4 22. Bxf4 Rxf4 23. g3 Rff8 24. Nd4 Nb8 25. Bg6 Re7 26. Nxe6 Rf6 27. Nf4 Rxe1+ 28. Rxe1 Rf8 29. Re7 Bc8 30. Nh5 Bg4 31. Rxg7+ Kh8 32. Rh7+ Kg8 33. Re7 Kh8 34. Nf4 Rd8 35. Bh7 1-0